UK Prime Ministers of the 20th century - Statistiques

Statistiques générales
  • Ce quiz a été pris 131 fois
  • Le résultat moyen est 12 sur 27
Statistiques - réponses
Date Prime Minister % Correct
1940 to 1945 Winston Churchill
89%
1951 to 1955 Winston Churchill
89%
1979 to 1990 Margaret Thatcher
85%
2016 to 2019 Theresa May
76%
1997 to 2007 Tony Blair
76%
2010 to 2016 David Cameron
71%
2007 to 2010 Gordon Brown
56%
1945 to 1951 Clement Attlee
54%
1964 to 1970 Harold Wilson
54%
1974 to 1976 Harold Wilson
54%
1955 to 1957 Sir Anthony Eden
48%
1990 to 1997 John Major
46%
1957 to 1963 Harold Macmillan
44%
1970 to 1974 Sir Edward Heath
43%
1937 to 1940 Neville Chamberlain
42%
1976 to 1979 James Callaghan
33%
1963 to 1964 Sir Alec Douglas Home
32%
1923 to 1924 Stanley Baldwin
22%
1924 to 1929 Stanley Baldwin
22%
1935 to 1937 Stanley Baldwin
22%
1908 to 1916 Herbert Henry Asquith
18%
1902 to 1905 Arthur James Balfour
16%
1916 to 1922 David Lloyd George
16%
1922 to 1923 Andrew Bonar Law
11%
1924 James Ramsay MacDonald
11%
1929 to 1935 James Ramsay MacDonald
11%
1905 to 1908 Sir Henry Campbell-Bannerman
10%
Aucun quiz correspondant
Distribution des résultats
% des personnes avec chaque résultat
Percentile par nombre de réponses
Votre historique - résultats
Vous n’avez pas pris ce quiz